1029 1109 1132 1702 1459 1335 1575 1877 1461 1231 1802 1392 1501 1554 1546 1701 1172 1425 1426 1202 1822 1701 1792 1048 1887 1688 1865 1373 1518 1701 1041 1639 1211 1518 1191 1522 1257 1410 1800 1302 1739 1375 1069 1969 1675 1652 1069 1930 1355 1918 1166 1560 1661 1473 1429 1147 1765 1770 1270 1422 1407 1661 1364 1757 1036 1265 1113 1628 1796 1235 1877 1392 1906 1475 1900 1120 1971 1784 1371 1053 1215 1612 1144 1103 1341 1164 1722 1859 1718 1802 1230 1925 1703 1535 1249 1482 1909 1794 1333 BCNSPRNW ULIB Ver.6.0+V

เปลี่ยนเป็นภาษาไทย

Change to English
 แสดงรายละเอียดบรรณานุกรม
  กลับหน้าหลัก

Brief Record : Get Marc (ISO 2709) : E-mail record : QR code < ปิดหน้าต่าง
LEADER : 00000nam 2200000uu 4500
001    13399123955
003     ULIB
008    141215s2555||||th 000 0 tha d
020    ^a9786162844232
060  4 ^aWU600^bอ622ก
100 0  ^aอาทิพันธุ์ พิมพ์ขาวขำ.
245 10 ^aการผ่าตัดแก้ไขปากแหว่งข้างเดียวด้วยเทคนิคการใช้แผ่นเนื้อเยื่อสามเหลี่ยม /^cอาทิพันธุ์ พิมพ์ขาวขำ.
260    ^aกรุงเทพฯ :^bภาควิชาศัลยศาสตร์ คณะทันตแพทยศาสตร์ จุฬาลงกรณ์มหาวิทยาลัย,^c2555.
300    ^a160 หน้า :^bภาพประกอบ ;^c25 ซม.
650  7 ^aปากแหว่ง, ศัลยกรรม ^xในวัยทารกและเด็ก
650  7 ^aปากแหว่ง ^xในวัยทารกและเด็ก ^xการรักษา
710 1  ^aจุฬาลงกรณ์มหาวิทยาลัย.^bคณะทันตแพทยศาสตร์.^bภาควิชาศัลยศาสตร์.
945    ^p700^l0^i22774
945    ^p700^l0^i22775
999    ^aทศพร เกษรทอง
รายการนี้ยังไม่มีแท็ก
คุณยังไม่ได้ล็อกอิน คุณสามารถมีกิจกรรมร่วมกับเว็บไซต์ได้ แต่ต้องล็อกอินก่อน ::
  ล็อกอิน

รายการสื่อสารสนเทศ

ลำดับที่ ประเภท เลขเรียก/บาร์โค้ด สถานที่ สถานะ
1. วิทยาศาสตร์การแพทย์ และสุขภาพ
วิทยาศาสตร์การแพทย์ และสุขภาพ
สถานะ=หนังสือเก่า
WU600 อ622ก ฉ.1 
  Barcode: 22774
ห้องสมุดวิทยาเขตนครสวรรค์
►ส่วนจัดเก็บหนังสือเก่า นว.
บนชั้น
  ขอยืม
2. วิทยาศาสตร์การแพทย์ และสุขภาพ
วิทยาศาสตร์การแพทย์ และสุขภาพ
สถานะ=หนังสือเก่า
WU600 อ622ก ฉ.2 
  Barcode: 22775
ห้องสมุดวิทยาเขตนครสวรรค์
►ส่วนจัดเก็บหนังสือเก่า นว.
บนชั้น
  ขอยืม

รายการใกล้เคียง
    ผู้แต่ง [อาทิพันธุ์ พิมพ์ขาวขำ.]

BibComment


ยังไม่เคยถูกคอมเมนท์

คอมเมนท์ทรัพยากรรายการนี้
  คอมเมนท์: การผ่าตัดแก้ไขปา..


 Copyright 2026. Bcnsprnw @Library